000
00188nam a2200073Ia 4500
008
170523s9999 xx 000 0 und d
100
_a
kreyszig- Erwin
245
0
_a
Advanced Engineering Mathematics
260
_a
Wiley India
999
_c
12160
_d
12160